Statistics for Types of Things #4

Click here to take the quiz!

General Stats

  • This quiz has been taken 40,766 times
    (32,772 since last reset)
  • The average score is 14 of 20

Answer Stats

These are Types ofThis% Correct
Topaz, Diamond, RubyGemstone
91%
Baseball, Hockey, TennisSport
89%
Pickup, Flatbed, DumpTruck
87%
FM, CB, Short WaveRadio
85%
Hydrogen, Lithium, UraniumElement
80%
Gas, Charcoal, George ForemanGrill
78%
Real, Irrational, IntegerNumber
77%
Sectional, Loveseat, DivanCouch
77%
Greatest, X, MillenialsGeneration
76%
Red Blood, Stem, NeuronCell
76%
Atkins, Fad, South BeachDiet
76%
Cerulean, Lavender, ScarletColor
73%
Bar, Line, Scatter PlotGraph
72%
Cruise, Sidewinder, BallisticMissile
62%
Soup, Table, GrapefruitSpoon
61%
Seraphim, Cherubim, ArchAngel
56%
Stud, Draw, OmahaPoker
43%
Snub, Roman, AquilineNose
41%
Agápe, Éros, PhiliaLove
38%
Sanguine, Choleric, PhlegmaticTemperament
27%

Score Distribution

Percentile by Number Answered

Percent of People with Each Score

Your Score History

You have not taken this quiz since the last reset